[Event "Let's Play Chess!"]
[Site "http://www.queenalice.com/game.php?id=1632675"]
[Date "2020.11.13"]
[Round "-"]
[White "DAlessandro"]
[Black "Mferrari"]
[Result "0-1"]
[WhiteElo "1717"]
[BlackElo "1495"]

1. c4 e5 2. Nc3 Nf6 3. e4 Bc5 4. h3 d6 5. d3 Nc6 6. Bg5 h6 7. Bh4 O-O 8. Nd5
Bb4+ 9. Nc3 b6 10. Nf3 Bb7 11. Qc2 Bxc3+ 12. Qxc3 g5 13. Bg3 Qd7 14. b4 a6 15.
Be2 Rfe8 16. O-O Re6 17. Nh2 a5 18. Ng4 axb4 19. Qb2 Nd4 20. Nxf6+ Rxf6 21. Bg4
Qe7 22. h4 Ra3 23. Rad1 Rg6 24. Bf5 Nxf5 25. exf5 Rg7 26. Qe2 gxh4 27. Bh2 Rxg2+
0-1

[Event "Let's Play Chess!"]
[Site "http://www.queenalice.com/game.php?id=1632679"]
[Date "2020.11.13"]
[Round "-"]
[White "charles31"]
[Black "Mferrari"]
[Result "1-0"]
[WhiteElo "1594"]
[BlackElo "1888"]

1. e4 e5 2. Nf3 Bc5 3. Nc3 Nc6 4. a3 d6 5. h3 Nf6 6. Bb5 Bd7 7. d3 O-O 8. Bc4 h6
9. Be3 Bxe3 10. fxe3 Nh5 11. Qd2 Qe7 12. Nd5 Qd8 13. g4 Nf6 14. Nxf6+ gxf6 15.
d4 exd4 16. exd4 Kg7 17. O-O-O b6 18. Rdg1 f5 19. gxf5+ Kf6 20. Rg3 Ke7 21. Qxh6
Ke8 22. Rg7 Bxf5 23. exf5 d5 24. Re1+ Ne7 25. Bb5+ 1-0

[Event "Let's Play Chess!"]
[Site "http://www.queenalice.com/game.php?id=1632680"]
[Date "2020.11.13"]
[Round "-"]
[White "Mferrari"]
[Black "charles31"]
[Result "1-0"]
[WhiteElo "1639"]
[BlackElo "1717"]

1. e4 e5 2. c4 Nf6 3. Nc3 Bc5 4. Be2 d6 5. h3 Be6 6. d3 c6 7. Nf3 Na6 8. a3 Qc7
9. O-O h6 10. Bd2 Bb6 11. Be3 Bxe3 12. fxe3 g5 13. d4 exd4 14. exd4 g4 15. hxg4
Nxg4 16. e5 dxe5 17. dxe5 Nxe5 18. Nxe5 Qxe5 19. Bf3 Qe3+ 20. Rf2 Rd8 21. Qe2
Qc5 22. Bh5 Rh7 23. Ne4 Qxc4 24. Nf6+ Kf8 25. Qxc4 Bxc4 26. Nxh7+ Kg7 27. Nf6
Nc7 28. Rc1 Be6 29. Rc3 Nb5 30. Rg3+ Kf8 31. Nh7+ Ke7 32. Re3 Rd6 33. Rxf7+ Kd8
34. Rf8+ Kd7 35. Re8 1-0

[Event "Challenge"]
[Site "http://www.queenalice.com/game.php?id=1632764"]
[Date "2020.11.13"]
[Round "-"]
[White "Mferrari"]
[Black "DAlessandro"]
[Result "0-1"]
[WhiteElo "1541"]
[BlackElo "1708"]

1. d4 d5 2. Nf3 Nc6 3. c4 Nf6 4. Nc3 Bg4 5. e3 e6 6. c5 e5 7. Qb3 Bxf3 8. gxf3
exd4 9. Qxb7 Ne5 10. Be2 dxc3 11. Bb5+ Nfd7 12. Qxd5 c6 13. Bxc6 Nxc6 14. Qxc6
Bxc5 15. f4 O-O 16. Rg1 Rc8 17. Qg2 Qf6 18. Ke2 cxb2 19. Bxb2 Qxb2+ 20. Kf3 Qf6
21. Ke2 Bb6 22. Rac1 Rxc1 23. Rxc1 Qb2+ 24. Kd1 Rd8 0-1

[Event "Challenge"]
[Site "http://www.queenalice.com/game.php?id=1633896"]
[Date "2020.11.23"]
[Round "-"]
[White "Mferrari"]
[Black "Arbustov"]
[Result "0-1"]
[WhiteElo "1657"]
[BlackElo "1595"]

1. d4 d5 2. c4 Nf6 3. e3 e6 4. Nc3 a6 5. a3 Bd7 6. Nf3 g6 7. c5 Nc6 8. Bd3 Bg7
9. O-O O-O 10. Re1 Re8 11. e4 dxe4 12. Nxe4 Nxe4 13. Rxe4 f5 14. Rh4 Bf6 15. Rh3
Nxd4 16. Be2 Bc6 17. Nxd4 Bxd4 18. Rd3 e5 19. Be3 Qf6 20. Bh6 g5 21. Bxg5 Qxg5
22. Rg3 Qxg3 23. hxg3 Bxc5 24. Qc2 Bb6 25. Qxf5 Bd5 26. Kh2 Bf7 27. Rc1 Re7 28.
Rc4 Bxc4 29. Bxc4+ Kh8 30. f3 Rae8 31. g4 Be3 32. g5 Rg7 33. f4 Bxf4+ 34. g3
Bxg5 35. Qe4 c6 36. Kg2 Bf4 37. Qf5 Rxg3+ 38. Kf2 Rg7 39. Kf3 Bc1 0-1

[Event "Let's Play H-21"]
[Site "http://www.queenalice.com/game.php?id=1634040"]
[Date "2020.11.24"]
[Round "-"]
[White "Rider"]
[Black "Mferrari"]
[Result "0-1"]
[WhiteElo "1483"]
[BlackElo "1598"]

1. c4 d5 2. c5 e5 3. d4 exd4 4. Qxd4 Nc6 5. Qc3 Nf6 6. Nf3 Ne4 7. Qc2 Bf5 8. Be3
Qd7 9. Qc1 Na5 10. b4 Nc4 11. Bd4 a5 12. bxa5 Rxa5 13. Ne5 Nxe5 14. Bxe5 Rxc5
15. Qb2 Rb5 16. Qc1 d4 17. e3 Bb4+ 18. Ke2 Rxe5 19. a3 Qb5+ 20. Kf3 Bg4+ 21.
Kxg4 Nxf2+ 22. Kf3 Rf5+ 23. Kg3 Qe5+ 24. Kh4 Rh5# 0-1

[Event "AUTO-INT-3609"]
[Site "http://www.queenalice.com/game.php?id=1634748"]
[Date "2020.11.29"]
[Round "1"]
[White "Mferrari"]
[Black "Becket"]
[Result "1/2-1/2"]
[WhiteElo "1739"]
[BlackElo "1522"]

1. d4 d5 2. e3 e6 3. Nf3 Nf6 4. Nc3 c5 5. dxc5 Bxc5 6. Bd3 O-O 7. Nd4 Nc6 8. Qf3
Ne5 9. Qg3 Nxd3+ 10. cxd3 Bxd4 11. exd4 a6 12. O-O Qb6 13. Bh6 g6 14. Qe5 Qd8
15. Na4 Re8 16. f4 Nh5 17. Qg5 Qxg5 18. fxg5 Ng7 19. Rac1 Nf5 20. Rc7 b5 21. Nc5
a5 22. g4 Nd6 23. Ne4 dxe4 24. dxe4 Rd8 25. Re7 Rd7 26. Rxe6 Bb7 27. Re5 1/2-1/2

[Event "AUTO-INT-3609"]
[Site "http://www.queenalice.com/game.php?id=1634749"]
[Date "2020.11.29"]
[Round "1"]
[White "Becket"]
[Black "Mferrari"]
[Result "0-1"]
[WhiteElo "1339"]
[BlackElo "1699"]

1. d4 d5 2. e3 e6 3. Nf3 Nf6 4. c4 dxc4 5. Bxc4 Nc6 6. O-O Bd6 7. Nbd2 O-O 8. a3
Re8 9. Bd3 e5 10. Ne4 exd4 11. Nxd6 Qxd6 12. Nxd4 Ng4 13. g3 Nxd4 14. Be2 Re4
15. h3 Ne5 0-1

[Event "AUTO-INT-3609"]
[Site "http://www.queenalice.com/game.php?id=1634750"]
[Date "2020.11.29"]
[Round "1"]
[White "Mferrari"]
[Black "Dinda54"]
[Result "1-0"]
[WhiteElo "1719"]
[BlackElo "1638"]

1. d4 d5 2. e3 Nf6 3. Bd3 e6 4. Nf3 Bd6 5. Nc3 O-O 6. O-O Nc6 7. e4 dxe4 8. Nxe4
h6 9. c3 Ne7 10. Bc2 Ned5 11. h3 b6 12. Qd3 Nh5 13. Nxd6 g6 14. Nxf7 1-0

[Event "AUTO-INT-3609"]
[Site "http://www.queenalice.com/game.php?id=1634752"]
[Date "2020.11.29"]
[Round "1"]
[White "Mferrari"]
[Black "Erlofabr"]
[Result "1-0"]
[WhiteElo "1764"]
[BlackElo "1589"]

1. d4 c5 2. Nf3 Nc6 3. e4 e6 4. Nc3 d5 5. Bb5 Bd7 6. dxc5 Nf6 7. exd5 exd5 8.
O-O Bxc5 9. Nxd5 Nd4 10. Re1+ Ne6 11. Nxf6+ gxf6 12. Bd3 Qb6 13. Be3 O-O 14. Re2
Rae8 15. h3 Qc6 16. Bf5 Ng5 17. Bxd7 Nxf3+ 18. gxf3 Qxf3 19. Bxe8 Rxe8 20. Qf1
Qh5 21. Rae1 Rc8 22. Bxc5 Rxc5 23. f4 Qf5 24. Qf3 h5 25. Qxb7 Qg6+ 26. Rg2 Kh7
27. Rxg6 Kxg6 28. Qg2+ Kh7 29. Re7 Rc8 30. Rxf7+ Kh6 31. Qg7# 1-0

[Event "AUTO-INT-3609"]
[Site "http://www.queenalice.com/game.php?id=1634753"]
[Date "2020.11.29"]
[Round "1"]
[White "Erlofabr"]
[Black "Mferrari"]
[Result "0-1"]
[WhiteElo "1589"]
[BlackElo "1746"]

1. c4 e5 2. e3 Nf6 3. Nc3 Nc6 4. a3 d6 5. Nf3 e4 6. Ng5 Qe7 7. f4 h6 8. Nd5 Nxd5
9. cxd5 hxg5 10. dxc6 bxc6 11. b4 Qf6 12. Rb1 Be7 13. Bb2 Qg6 14. Qc2 O-O 15.
Qxc6 Bg4 16. h3 gxf4 17. Qxc7 Bh4+ 18. g3 Bxg3# 0-1

[Event "AUTO-INT-3609"]
[Site "http://www.queenalice.com/game.php?id=1647478"]
[Date "2021.3.23"]
[Round "2"]
[White "askasl159"]
[Black "Mferrari"]
[Result "0-1"]
[WhiteElo "1874"]
[BlackElo "1824"]

1. e4 e5 2. f4 exf4 3. Nf3 g5 4. h3 Nf6 5. Nc3 d6 6. d4 Nc6 7. b3 g4 8. hxg4
Bxg4 9. Bxf4 d5 10. e5 Ne4 11. Qd3 Nxc3 12. Nd2 Ne4 13. Nxe4 dxe4 14. Qxe4 f5
15. Qd3 Qd5 16. Be3 O-O-O 17. c4 Qa5+ 18. Bd2 Bb4 19. Bxb4 Nxb4 20. Qc3 Rxd4 21.
Kf2 Nd3+ 0-1

[Event "AUTO-INT-3609"]
[Site "http://www.queenalice.com/game.php?id=1647479"]
[Date "2021.3.23"]
[Round "2"]
[White "Mferrari"]
[Black "askasl159"]
[Result "1-0"]
[WhiteElo "1851"]
[BlackElo "1859"]

1. d4 d5 2. Nf3 c5 3. e3 a6 4. Nc3 Nf6 5. Ne5 Nc6 6. f4 cxd4 7. exd4 e6 8. a3
Bd6 9. Bd3 O-O 10. Be3 b5 11. Nxc6 Qc7 12. Ne5 b4 13. Ne2 bxa3 14. bxa3 a5 15.
O-O Ba6 16. Bxa6 Rxa6 17. Qd3 Rb6 18. Rab1 Rfb8 19. c4 Bxe5 20. c5 Rxb1 21. Rxb1
Rxb1+ 22. Qxb1 Qb8 23. Qxb8+ Bxb8 24. Bd2 Bc7 25. Nc3 Nh5 26. Nb5 Bxf4 27. c6
Bb8 28. Bxa5 e5 29. dxe5 Bxe5 30. c7 Bxc7 31. Bxc7 Nf4 32. Bxf4 1-0

[Event "AUTO-INT-3609"]
[Site "http://www.queenalice.com/game.php?id=1647484"]
[Date "2021.3.23"]
[Round "2"]
[White "Mferrari"]
[Black "SGF"]
[Result "1-0"]
[WhiteElo "1874"]
[BlackElo "1617"]

1. d4 d5 2. c4 e6 3. Nf3 dxc4 4. e4 b5 5. Nc3 Bb4 6. a3 Bxc3+ 7. bxc3 f6 8. e5
Bb7 9. Rb1 h6 10. Be2 Bxf3 11. Bxf3 c6 12. a4 a6 13. Bf4 Qa5 14. Rb4 Ne7 15. O-O
O-O 16. exf6 Rxf6 17. Be5 Rf5 18. Be4 Rg5 19. h4 Rxe5 20. dxe5 Nd5 21. Bxd5 cxd5
22. Qg4 Qb6 23. axb5 axb5 24. Rfb1 Ra5 25. Qg6 Na6 26. Qe8+ Kh7 27. Rxb5 Rxb5
28. Rxb5 Qa7 29. Qxe6 Nc5 30. Qf5+ g6 31. Qf8 Ne6 32. Qe8 Ng7 33. Qc6 Qa1+ 34.
Kh2 Qxc3 35. Rxd5 Qc2 36. Rd7 Qxf2 37. Qf6 Qxf6 38. exf6 c3 39. fxg7 Kg8 40. Rc7
c2 41. Rxc2 Kxg7 42. Rf2 h5 43. Kg3 Kh6 44. Kf4 Kg7 45. Kg5 Kh7 46. Rf6 Kg7 47.
Rxg6+ Kh7 48. Kxh5 Kh8 49. Ra6 Kh7 50. Kg5 Kg7 51. h5 Kh7 52. Ra7+ Kg8 53. Kg6
Kf8 54. h6 Kg8 55. Ra8# 1-0

[Event "AUTO-INT-3609"]
[Site "http://www.queenalice.com/game.php?id=1647485"]
[Date "2021.3.23"]
[Round "2"]
[White "SGF"]
[Black "Mferrari"]
[Result "0-1"]
[WhiteElo "1628"]
[BlackElo "1881"]

1. e4 e5 2. Qf3 Nc6 3. c3 Nf6 4. d3 Bc5 5. Be2 d5 6. Bg5 dxe4 7. dxe4 Qd6 8. h3
O-O 9. b4 Bb6 10. a4 a6 11. Qg3 Nxe4 12. Qh4 Bxf2+ 13. Qxf2 Nxf2 14. Kxf2 Qg6
15. h4 h6 16. Be3 f5 17. Nd2 b6 18. h5 Qe8 19. Ngf3 f4 20. Bc5 bxc5 21. bxc5 e4
22. Bc4+ Kh8 23. Rae1 e3+ 24. Kf1 exd2 25. Nxd2 Qe3 26. Rxe3 fxe3+ 27. Nf3 Ne5
28. Bd5 Rb8 29. Ke2 Rb2+ 30. Kxe3 Ng4+ 31. Kd4 Rf4+ 32. Be4 Re2 33. Re1 Rfxe4+
34. Kd5 Bb7+ 35. c6 Bxc6+ 36. Kxc6 Rxe1 37. Nxe1 Rxe1 38. Kxc7 Re5 39. c4 Ra5
40. Kb6 Rxa4 41. c5 Ne5 42. c6 Rb4+ 43. Kc5 Nxc6 44. Kxc6 a5 45. Kc5 Rg4 46. Kb5
Rxg2 47. Kxa5 Rg5+ 48. Kb4 Rxh5 49. Kc3 Rf5 50. Kd3 h5 51. Ke4 g6 52. Ke3 h4 53.
Ke4 h3 54. Ke3 h2 55. Ke2 h1=Q 56. Ke3 Qf3+ 57. Kd4 Qg4+ 58. Ke3 Rf3+ 59. Ke2
Qg2+ 60. Ke1 Rf1# 0-1

[Event "AUTO-ADV-4495"]
[Site "http://www.queenalice.com/game.php?id=1758819"]
[Date "2021.5.7"]
[Round "1"]
[White "Mferrari"]
[Black "worldwide"]
[Result "1-0"]
[WhiteElo "1888"]
[BlackElo "1874"]

1. d4 d5 2. Nf3 Nc6 3. Bf4 e6 4. e3 Bd6 5. Nbd2 Bxf4 6. exf4 Nge7 7. Bd3 O-O 8.
Bxh7+ Kxh7 9. Ng5+ Kg6 10. Qg4 f6 11. Nxe6+ 1-0

[Event "AUTO-ADV-4495"]
[Site "http://www.queenalice.com/game.php?id=1758820"]
[Date "2021.5.7"]
[Round "1"]
[White "worldwide"]
[Black "Mferrari"]
[Result "0-1"]
[WhiteElo "1881"]
[BlackElo "1924"]

1. e4 e5 2. f4 Bc5 3. Nf3 d6 4. d4 exd4 5. Qd3 Nc6 6. a3 Nf6 7. e5 dxe5 8. Nxe5
O-O 9. Be2 Re8 10. O-O Nxe5 11. fxe5 Rxe5 12. c3 Rxe2 0-1

[Event "AUTO-ADV-4495"]
[Site "http://www.queenalice.com/game.php?id=1758821"]
[Date "2021.5.7"]
[Round "1"]
[White "Mferrari"]
[Black "avieytoa"]
[Result "0-1"]
[WhiteElo "1939"]
[BlackElo "1887"]

1. e4 e5 2. Nc3 Nc6 3. Bc4 Bb4 4. Nd5 Nf6 5. Nf3 d6 6. c3 Ba5 7. d3 h6 8. O-O
Bg4 9. h3 Bh5 10. b4 Bb6 11. a4 a6 12. Nxb6 cxb6 13. Be3 O-O 14. g4 Bg6 15. b5
Na5 16. Ba2 Rc8 17. c4 Nd7 18. Qd2 Nc5 19. Qc2 Re8 0-1

[Event "AUTO-ADV-4495"]
[Site "http://www.queenalice.com/game.php?id=1758822"]
[Date "2021.5.7"]
[Round "1"]
[White "avieytoa"]
[Black "Mferrari"]
[Result "0-1"]
[WhiteElo "1879"]
[BlackElo "1907"]

1. e4 e5 2. Nf3 Nc6 3. Bc4 Bc5 4. d3 d6 5. Ng5 Nh6 6. Qh5 Bg4 7. Qh4 Nd4 8. Bb3
Qf6 9. Nc3 Be6 10. O-O O-O-O 11. Nd5 Bxd5 12. exd5 Ne2+ 13. Kh1 Nxc1 14. Raxc1
Kb8 15. c4 Nf5 16. Qg4 h5 17. Ne4 hxg4 18. Nxf6 Ng3+ 19. fxg3 Rxh2+ 20. Kxh2
Rh8+ 21. Nh5 Rxh5# 0-1